Comentario pragmático de comunicación oral. 3, Una ponencia en un foro /

Detalles Bibliográficos
Autor principal: Cortés Rodríguez, Luis (Autor)
Formato: Electrónico eBook
Lenguaje:español
Publicado: Madrid : Arco/Libros, S. L., [2010]
Colección:Colección Comentario de textos ; 24.
Materias:
Acceso en línea:Digitalia Hispánica

MARC

LEADER 00000nam a2200000Ii 4500
001 DIGARCOL0297
003 NyNyDIG
006 m o d
007 cr |||||||||||
008 241001s2010 sp ob 000 0 spa d
035 |a (OCoLC)1403143974 
040 |a DGITA  |b eng  |e rda  |e pn  |c DGITA 
020 |z 9788476358078 
050 1 4 |a P95 ebook 
100 1 |a Cortés Rodríguez, Luis,  |e author. 
245 1 0 |a Comentario pragmático de comunicación oral.  |n 3,  |p Una ponencia en un foro /  |c Luis Cortés Rodríguez. 
246 3 0 |a Ponencia en un foro 
264 1 |a Madrid :  |b Arco/Libros, S. L.,  |c [2010] 
300 |a 1 online resource. 
336 |a text  |b txt  |2 rdacontent 
337 |a computer  |b c  |2 rdamedia 
338 |a online resource  |b cr  |2 rdacarrier 
347 |a text file  |2 rdaft 
347 |b PDF 
490 1 |a Colección Comentario de textos ;  |v 24  
504 |a Includes bibliographical references. 
588 0 |a Online resource; title from PDF title page (Digitalia, viewed October 1, 2024) 
650 0 |a Spanish language  |x Discourse analysis.  
650 0 |a Oral communication. 
791 2 |a Digitalia (Firm),  |e distributor. 
793 0 |g Digitalia eBook Collection:  |a Arco/Libros 
776 0 8 |i Print version:  |a Cortés Rodríguez, Luis.  |t Comentario pragmático de comunicación oral. 3, Una ponencia en un foro.  |d Madrid : Arco/Libros, S. L., [2010]  |z 9788476358078 
830 0 |a Colección Comentario de textos ;  |v 24.  
856 4 0 |3 Digitalia Hispánica  |u https://www.digitaliapublishing.com/a/138314/ 
910 |a Premium collection: 2024